| 000 | 01774nas1a22004091i 4500 | ||
|---|---|---|---|
| 001 | RU\NLR\INFOCOMM18\5000148953 | ||
| 005 | 20240723105513.0 | ||
| 035 | _a(NLR Aleph) 002380091 | ||
| 090 |
_a4598455 _c4598455 |
||
| 100 | _a20041216c1981 |||y0rusy50 ca | ||
| 101 | 0 | _arus | |
| 102 | _aRU | ||
| 110 | _aafuzz 0|y| | ||
| 200 | 1 |
_aСтратегические ресурсы мира _eПо материалам зарубеж. печати _eРеф. сб. _fВИНИТИ |
|
| 210 |
_aМ. _d1981- |
||
| 300 | _aВ надзаг. также: Гос. ком. СССР по науке и технике, АН СССР | ||
| 712 | 0 | 2 |
_aВИНИТИ _4570 |
| 801 | 1 |
_aRU _bInfoComm _c20041216 |
|
| 801 | 0 |
_aRU _bNLR _gPSBO |
|
| 852 |
_aNLR _jП22/4939 |
||
| 942 | _cJOURNAL | ||
| 980 | _aRUSPER | ||